000
00340nam a2200133Ia 4500
008
100328s9999 xx 000 0 und d
082
_b
22454
100
_a
नांगरे बलराम
245
_a
अपंगा
260
_b
ग.रा.पाठक
630
_a
अपंगा
730
_a
अपंगा
942
_c
BOOK
999
_c
516342
_d
516339